000 00216 a2200097 4500
001 11772
100 _aHubbell, J.G.
245 _aStrike in the West
260 _a
_bHolt, Rinehart & winston
_c
090 _c9028
_d9028
942 _aNUST-CAE
_cM
_c35854
999 _c246845
_d246845